书目信息 |
| 题名: |
谭军教葫芦丝
|
|
| 作者: | 谭军 编著 | |
| 分册: | ||
| 出版信息: | 长沙 湖南文艺出版社 2004 |
|
| 页数: | 156页 | |
| 开本: | 30cm | |
| 丛书名: | 音乐名师大课堂 | |
| 单 册: | ||
| 中图分类: | J632.19 | |
| 科图分类: | ||
| 主题词: | 民族管乐器--吹奏法--中国--教材 , 民族管乐器 , 吹奏法 | |
| 电子资源: | ||
| ISBN: | 7-5404-3257-8 | |
| 000 | 00908oam2 2200301 450 | |
| 001 | 040000001018 | |
| 005 | 20060104164647.98 | |
| 010 | @a7-5404-3257-8@dCNY18.00 | |
| 092 | @aCN | |
| 100 | @a20050715d2004 ekmy0chiy0120 ea | |
| 101 | 0 | @achi |
| 102 | @aCN@b430000 | |
| 105 | @aag z 000yy | |
| 200 | 1 | @a谭军教葫芦丝@9tan jun jiao hu lu si@f谭军编著@Ftan jun bian zhu |
| 210 | @a长沙@c湖南文艺出版社@d2004 | |
| 215 | @a156页@c照片@d30cm | |
| 225 | 2 | @a音乐名师大课堂 |
| 330 | @a本书以葫芦丝的常用演奏技法为训练目的,对各种演奏技巧的方法、要领以及联系中容易出现的错误等疑难问题给予了提示和解答。 | |
| 461 | 0 | @12001 @a音乐名师大课堂 |
| 606 | 0 | @a民族管乐器@x吹奏法@y中国@j教材 |
| 606 | 0 | @a民族管乐器 |
| 606 | 0 | @a吹奏法 |
| 610 | 0 | @a葫芦丝 |
| 690 | @aJ632.19@v4 | |
| 701 | 0 | @a谭军@Atan jun@4编著 |
| 801 | 0 | @aCN@bTIGERTAZAN@c20060104 |
| 905 | @a10447@dJ632.19@e38 | |
| 999 | @ayyw | |
| 谭军教葫芦丝/谭军编著.-长沙:湖南文艺出版社,2004 |
| 156页:照片;30cm.-(音乐名师大课堂) |
| ISBN 7-5404-3257-8:CNY18.00 |
| 本书以葫芦丝的常用演奏技法为训练目的,对各种演奏技巧的方法、要领以及联系中容易出现的错误等疑难问题给予了提示和解答。 |
| ● |
| 相关链接 |
|
|
|
|
正题名:谭军教葫芦丝
索取号:J632.19/38
 
预约/预借
| 序号 | 登录号 | 条形码 | 馆藏地/架位号 | 状态 | 备注 |
| 1 | 0373668 | 203736680 | 第一样本阅览室/ [索取号:J632.19/38] | 在馆 | |
| 2 | 0373669 | 203736699 | 第一借阅区/ [索取号:J632.19/38] | 在馆 | |
| 3 | 0373670 | 203736706 | 第一借阅区/ [索取号:J632.19/38] | 在馆 | |
| 4 | 0373671 | 203736715 | 第一借阅区/ [索取号:J632.19/38] | 在馆 | |
| 5 | 0373672 | 203736724 | 第一借阅区/ [索取号:J632.19/38] | 在馆 |